| 000 | 00536nam a22001937a 4500 | ||
|---|---|---|---|
| 003 | PILC | ||
| 005 | 20151021145329.0 | ||
| 008 | 130313t xxu||||| |||| 00| 0 eng d | ||
| 020 | _a2921171155 (pbd) | ||
| 050 |
_aPZ 8.2 _b.H714s |
||
| 082 |
_aCL 398.2 _bH714s [1991] |
||
| 245 |
_aThe hare and the tortoise and other tales / _cPeter Holeinone |
||
| 260 |
_aCanada : _bTormont Pub., |
||
| 300 |
_a55 p. : _bcol. ill. ; _c29 cm. |
||
| 440 | _aGreat fairy tale classics | ||
| 650 |
_aFiction _9746 |
||
| 942 |
_2lcc _cBK |
||
| 999 |
_c2412 _d2412 |
||